Guess the random Taylor Swift Song Lyrics 31 - Statistics

General Stats
  • This quiz has been taken 13 times
  • The average score is 284 of 439
Answer Stats
Answer % Correct
I
100%
(I
100%
You
100%
you
100%
you)
100%
your
100%
a
92%
me
92%
my
92%
and
85%
And
85%
(and)
85%
her
85%
If
85%
if
85%
in
85%
to
85%
(to
85%
You're
85%
you're
85%
are
77%
But
77%
but
77%
(but
77%
it
77%
on
77%
the
77%
I'm
69%
(I'm
69%
of
69%
Of
69%
what
69%
(what
69%
about
62%
as
62%
by
62%
can
62%
'Cause
62%
for
62%
got
62%
hand
62%
have
62%
have)
62%
I'll
62%
like
62%
not
62%
(oh)
62%
say
62%
say)
62%
should
62%
so
62%
than
62%
That
62%
this
62%
too
62%
wanna
62%
You've
62%
you've
62%
alone
54%
along
54%
at
54%
At
54%
bein'
54%
can't
54%
come
54%
compliment
54%
cool
54%
don't
54%
hate
54%
here
54%
know
54%
mad
54%
made
54%
make
54%
makes
54%
makin'
54%
mine
54%
much
54%
much)
54%
think
54%
us
54%
actually
46%
anything
46%
back
46%
blue
46%
boyfriend
46%
club
46%
consequence
46%
(dark
46%
dark
46%
doin'
46%
drunk
46%
everyone
46%
eyes
46%
face
46%
face)
46%
feel
46%
(feel
46%
fun
46%
furious
46%
furious)
46%
girlfriend
46%
Gorgeous
46%
gorgeous
46%
(Gorgeous)
46%
gorgeous)
46%
(gorgeous)
46%
Guess
46%
happy
46%
he's
46%
He's
46%
home
46%
honestly
46%
(honey
46%
hurts
46%
hurts)
46%
ice
46%
jealous
46%
just
46%
little
46%
look
46%
(look
46%
lookin'
46%
making
46%
might
46%
more
46%
nothin'
46%
older
46%
room
46%
room)
46%
sad
46%
sad)
46%
single
46%
strong
46%
take
46%
talk
46%
talkin'
46%
that's
46%
There's
46%
touchin'
46%
turns
46%
(turns
46%
Unless
46%
way
46%
way)
46%
Whiskey
46%
worse
46%
(yeah)
46%
cats
38%
die
38%
drown
38%
field
38%
life
38%
magnetic
38%
Ocean
38%
ruined
38%
sink
38%
Sunset
38%
Vine
38%
darkened
31%
stumble
31%
(ugh)
23%
(mm)
15%
No matching quizzes found
Score Distribution
Percent of People with Each Score
Percentile by Number Answered
Your Score History
You have not taken this quiz